[Event "Leipzig VfB op 24th"]
[Site "Leipzig"]
[Date "2017.03.24"]
[Round "6"]
[White "Petersohn, Sadko"]
[Black "Didt, Hartmut"]
[Result "1-0"]
[WhiteElo "1708"]
[BlackElo "1801"]
[PlyCount "41"]
[EventDate "2017.03.21"]
[EventType "swiss"]
[EventRounds "9"]
[EventCountry "GER"]
[SourceTitle "EXT 2018"]
[Source "ChessBase"]
[SourceDate "2017.10.13"]
[SourceVersion "1"]
[SourceVersionDate "2017.10.13"]
[SourceQuality "1"]

1. d4 Nf6 2. Nf3 d5 3. c4 c6 4. g3 Bf5 5. Bg2 e6 6. 0-0 Be7 7. Nc3 0-0 8. Nh4 Bg6 9. Nxg6 hxg6 10. b3 Nbd7 11. e4 dxe4 12. Nxe4 Nxe4 13. Bxe4 Nf6 14. Bg2 Qc7 15. Qc2 Rad8 16. Rd1 Qb8 17. Bg5 Rfe8 18. Rd3 Nh7 19. Be3 Nf6 20. Rad1 b6 21. Bxc6 1-0

[Event "Leipzig VfB op 24th"]
[Site "Leipzig"]
[Date "2017.03.23"]
[Round "4"]
[White "Petersohn, Sadko"]
[Black "Artmann, Juergen"]
[Result "0-1"]
[WhiteElo "1708"]
[BlackElo "1974"]
[PlyCount "86"]
[EventDate "2017.03.21"]
[EventType "swiss"]
[EventRounds "9"]
[EventCountry "GER"]
[SourceTitle "EXT 2018"]
[Source "ChessBase"]
[SourceDate "2017.10.13"]
[SourceVersion "1"]
[SourceVersionDate "2017.10.13"]
[SourceQuality "1"]

1. d4 f5 2. c4 Nf6 3. Nf3 g6 4. g3 Bg7 5. Bg2 d6 6. 0-0 0-0 7. b3 c6 8. Bb2 a5 9. Nc3 Ne4 10. Qc2 d5 11. Ne5 e6 12. f3 Nxc3 13. Bxc3 Nd7 14. f4 Nf6 15. c5 Ne4 16. Rab1 Nxc3 17. Qxc3 Bd7 18. b4 a4 19. Rb2 Be8 20. e3 g5 21. Bf3 h5 22. Be2 h4 23. b5 Bxe5 24. dxe5 Kg7 25. bxc6 Bxc6 26. Bb5 hxg3 27. hxg3 Rh8 28. Bxc6 bxc6 29. Rb7+ Kg6 30. g4 Rh4 31. gxf5+ exf5 32. e6 d4 33. Qxd4 Rg4+ 34. Kf2 Rxf4+ 35. Qxf4 Qd2+ 36. Kf3 gxf4 37. Rg1+ Kf6 38. Rgg7 Qxe3+ 39. Kg2 f3+ 40. Kf1 Rh8 41. Rbf7+ Ke5 42. Rh7 Qe2+ 43. Kg1 Qg2# 0-1

[Event "Leipzig VfB op 23rd"]
[Site "Leipzig"]
[Date "2016.03.17"]
[Round "4"]
[White "Rudolph, Juergen"]
[Black "Petersohn, Sadko"]
[Result "1-0"]
[WhiteElo "1780"]
[BlackElo "1668"]
[PlyCount "75"]
[EventDate "2016.03.15"]
[EventType "swiss"]
[EventRounds "9"]
[EventCountry "GER"]
[SourceTitle "EXT 2017"]
[Source "ChessBase"]
[SourceDate "2016.10.25"]
[SourceVersion "1"]
[SourceVersionDate "2016.10.25"]
[SourceQuality "1"]

1. b3 e6 2. e4 d5 3. exd5 exd5 4. Bb2 Nf6 5. Nf3 c5 6. Be2 Be7 7. 0-0 0-0 8. d4 b6 9. c4 Bb7 10. dxc5 Bxc5 11. Nc3 d4 12. Nd5 Nxd5 13. cxd5 Qxd5 14. Bxd4 Bxd4 15. Qxd4 Re8 16. Bc4 Qxd4 17. Nxd4 Nd7 18. Nb5 Re5 19. Rad1 Rg5 20. g3 Ne5 21. f4 Nxc4 22. fxg5 Ne3 23. Rd7 Bc6 24. Rxa7 Nxf1 25. Rxa8+ Bxa8 26. Kxf1 Kf8 27. Kf2 Ke7 28. Ke3 Bc6 29. Nd4 Bd7 30. Ke4 g6 31. Ke5 Bg4 32. Nb5 Bf5 33. Nc3 Kd7 34. Nd5 Kc6 35. Ne7+ Kc5 36. Nxf5 gxf5 37. a3 b5 38. h3 1-0

[Event "Leipzig VfB op 21st"]
[Site "Leipzig"]
[Date "2014.03.05"]
[Round "2"]
[White "Ziersch, Hubert"]
[Black "Petersohn, Sadko"]
[Result "1-0"]
[WhiteElo "2050"]
[BlackElo "1585"]
[PlyCount "53"]
[EventDate "2014.03.04"]
[EventType "tourn"]
[EventRounds "9"]
[EventCountry "GER"]
[SourceTitle "CBM 159 Extra"]
[Source "ChessBase"]
[SourceDate "2014.04.24"]
[SourceVersion "1"]
[SourceVersionDate "2014.04.24"]
[SourceQuality "1"]

1. e4 e6 2. d4 d5 3. e5 c5 4. c3 Nc6 5. Nf3 cxd4 6. cxd4 h6 7. a3 Nge7 8. Nc3 a6 9. Bd3 Bd7 10. 0-0 b5 11. b4 Qb6 12. Be3 Nf5 13. Bxf5 exf5 14. Nxd5 Qb7 15. Nc3 a5 16. d5 axb4 17. dxc6 Bxc6 18. axb4 Rxa1 19. Qxa1 Bxf3 20. gxf3 Qxf3 21. Qd1 Qxd1 22. Rxd1 Bxb4 23. Nd5 Ba5 24. Ra1 Bd8 25. Ra8 0-0 26. Bc5 Re8 27. Be7 1-0

[Event "Leipzig VfB op 20th"]
[Site "Leipzig"]
[Date "2013.03.08"]
[Round "6"]
[White "Petersohn, Sadko"]
[Black "Opasiak, Dustin Tennessee"]
[Result "0-1"]
[WhiteElo "1003"]
[BlackElo "1765"]
[PlyCount "74"]
[EventDate "2013.03.05"]
[EventType "swiss"]
[EventRounds "9"]
[EventCountry "GER"]
[SourceTitle "EXT 2014"]
[Source "ChessBase"]
[SourceDate "2013.11.20"]
[SourceVersion "1"]
[SourceVersionDate "2013.11.20"]
[SourceQuality "1"]

1. b4 Nf6 2. Bb2 d5 3. e3 g6 4. c4 c6 5. Qb3 Bg7 6. Bxf6 exf6 7. d4 0-0 8. g3 Re8 9. cxd5 Qxd5 10. Qxd5 cxd5 11. Ne2 Nc6 12. a3 Bg4 13. Nbc3 Bf3 14. Rg1 f5 15. Rd1 Rac8 16. Rd3 Be4 17. Nxe4 dxe4 18. Rd1 Ne7 19. Rc1 Rxc1+ 20. Nxc1 Rc8 21. Kd2 Nd5 22. Na2 a5 23. bxa5 Bf8 24. a6 bxa6 25. Bxa6 Rb8 26. Kc2 Bxa3 27. Rb1 Rxb1 28. Kxb1 Nb4 29. Nc3 Nxa6 30. Ka2 Bb4 31. Kb3 Kf8 32. Kc4 Bxc3 33. Kxc3 Ke7 34. Kc4 Kd6 35. h3 Nc7 36. g4 Nd5 37. f3 Nxe3+ 0-1